000 00323nam a22001457a 4500
008 210301b ||||| |||| 00| 0 eng d
020 _a9780465003853
041 _aeng
080 _a159.9
082 _a159.9
100 _a48
101 _aPSI
245 _aAnxiety Disorders and Phobias
_cBeck, A.T
942 _2udc
_cBK
999 _c55352
_d55352